[Event "Mondiale Semilampo FIDE 2024"]
[Site "New York"]
[Date "28.12.2024"]
[Round "13.13"]
[White "Martirosyan, Haik M."]
[Black "Xiong, Jeffery"]
[Result "1/2-1/2"]
[WhiteTitle "GM"]
[BlackTitle "GM"]
[WhiteElo "2656"]
[BlackElo "2636"]
[WhiteFideId "13306553"]
[BlackFideId "2047640"]
[EventDate "26.12.2024"]

1. e4 c5 2. Nf3 e6 3. d3 Nc6 4. g3 d5 5. Qe2 Nge7 6. Bg2 g6 7. O-O Bg7 8. c3 O-O
9. e5 Nf5 10. Re1 Bd7 11. Bf4 h6 12. h4 f6 13. Nbd2 g5 14. exf6 gxf4 15. fxg7
Rf7 16. Ne5 Nxe5 17. Qxe5 fxg3 18. fxg3 Rxg7 19. Nf1 Kh7 20. Re2 Qb8 21. Kh2
Qxe5 22. Rxe5 Rag8 23. Bh3 Nxg3 24. Ne3 Rf8 25. Rg1 Rf2+ 26. Rg2 Rf3 27. Rg1
Rf2+ 28. Rg2 Rf3 29. Rg1 Ne4 30. Bxe6 Bxe6 31. Rxe6 Rxe3 32. Rxg7+ Kxg7 33. dxe4
Rxe4 34. Rd6 d4 35. Rd7+ Kg6 36. cxd4 Rxh4+ 37. Kg3 Rxd4 38. Rxb7 Rb4 39. Rxa7
Rxb2 40. Rc7 Rc2 41. a4 Rc3+ 42. Kf2 Kf5 43. a5 Ke4 44. a6 Ra3 45. Rxc5 Rxa6 1/2-1/2

[Event "Mondiale Semilampo FIDE 2024"]
[Site "New York"]
[Date "28.12.2024"]
[Round "13.14"]
[White "Mamedyarov, Shakhriyar"]
[Black "Safarli, Eltaj"]
[Result "1-0"]
[WhiteTitle "GM"]
[BlackTitle "GM"]
[WhiteElo "2738"]
[BlackElo "2610"]
[WhiteFideId "13401319"]
[BlackFideId "13402129"]
[EventDate "26.12.2024"]

1. d4 Nf6 2. Bg5 Ne4 3. h4 d5 4. Nd2 Bf5 5. Nxe4 Bxe4 6. f3 h6 7. Bf4 Bh7 8. e3
e6 9. Bd3 Bxd3 10. Qxd3 a6 11. Ne2 Bd6 12. O-O-O O-O 13. g4 Nd7 14. g5 h5 15.
Bxd6 cxd6 16. Nf4 Qa5 17. Kb1 Qb5 18. Nxh5 Qxd3 19. Rxd3 b5 20. Rc3 Rac8 21.
Rxc8 Rxc8 22. Nf4 b4 23. c3 bxc3 24. Rc1 Nb6 25. b3 Kf8 26. Ne2 Ke7 27. Rxc3 Rh8
28. Rc6 Nd7 29. Rxa6 Rxh4 30. a4 Rh3 31. a5 Rxf3 32. Nc3 Rxe3 33. Kc2 Rh3 34.
Ra7 Rh2+ 35. Kc1 e5 36. a6 exd4 37. Nxd5+ Ke6 38. Nf4+ Ke7 39. b4 Rh8 40. b5 Rb8
41. b6 Kd8 42. g6 1-0

[Event "Mondiale Semilampo FIDE 2024"]
[Site "New York"]
[Date "28.12.2024"]
[Round "13.15"]
[White "Theodorou, Nikolas"]
[Black "Le, Quang Liem"]
[Result "1/2-1/2"]
[WhiteTitle "GM"]
[BlackTitle "GM"]
[WhiteElo "2600"]
[BlackElo "2739"]
[WhiteFideId "4262875"]
[BlackFideId "12401137"]
[EventDate "26.12.2024"]

1. d4 Nf6 2. c4 e6 3. Nf3 d5 4. g3 Bb4+ 5. Bd2 Be7 6. Bg2 O-O 7. O-O Nbd7 8. Qc2
c6 9. Bf4 h6 10. Rd1 a5 11. Ne5 Nxe5 12. dxe5 Nd7 13. cxd5 exd5 14. e4 Nb6 15.
exd5 Nxd5 16. Nc3 Be6 17. Nxd5 cxd5 18. Qb3 a4 19. Qxb7 Rb8 20. Qc6 Qa5 21. b3
axb3 22. axb3 Qb5 23. Bxd5 Qxc6 24. Bxc6 Rxb3 25. Bd5 Bxd5 26. Rxd5 Rb7 27. Kg2
f6 28. Ra6 fxe5 29. Rxe5 Bf6 30. Re2 Kh7 31. Rc2 Bd4 32. Rd6 Rb2 33. Rxb2 Bxb2
34. Be3 Bf6 35. Rd5 Rd8 36. Rb5 Kg6 37. g4 Re8 38. h3 Kf7 39. Rb7+ Re7 40. Rb3
Rc7 41. Rb5 Re7 42. Bf4 Rd7 43. Bg3 Rd4 44. Rb7+ Kg6 45. Rb5 Rc4 46. Rf5 Ra4 47.
Rd5 Rd4 48. Ra5 Rc4 49. Ra6 h5 50. f4 Rc2+ 51. Kf3 Rc3+ 52. Kg2 Rc2+ 53. Bf2 Kf7
54. Kf3 Rc3+ 55. Kg2 Rc2 56. Kf3 Rc3+ 57. Kg2 1/2-1/2

[Event "Mondiale Semilampo FIDE 2024"]
[Site "New York"]
[Date "28.12.2024"]
[Round "13.17"]
[White "Salem, A.R. Saleh"]
[Black "Deac, Bogdan-Daniel"]
[Result "1-0"]
[WhiteTitle "GM"]
[BlackTitle "GM"]
[WhiteElo "2622"]
[BlackElo "2696"]
[WhiteFideId "9301348"]
[BlackFideId "1226380"]
[EventDate "26.12.2024"]

1. d4 Nf6 2. c4 e6 3. Nc3 Bb4 4. a3 Bxc3+ 5. bxc3 Nc6 6. f3 b6 7. e4 d6 8. Bd3
Na5 9. Bg5 h6 10. Bh4 g5 11. Bf2 Ba6 12. h4 Rg8 13. Ne2 Qe7 14. h5 Nd7 15. Qa4
O-O-O 16. O-O Nf6 17. Ng3 Qe8 18. Qb4 c5 19. Qb1 Bxc4 20. d5 Qa4 21. Re1 Bxd3
22. Qxd3 Nc4 23. dxe6 fxe6 24. Rab1 Ne5 25. Qd2 Kb7 26. c4 Nxc4 27. Qc3 Nd7 28.
Nf1 Nde5 29. Bg3 Rd7 30. Rec1 Rf8 31. Kh1 Rdf7 32. Nh2 Rd7 33. Rd1 Rfd8 34. Rf1
Rg8 35. Rfd1 Kc8 36. Rbc1 Rgd8 37. Rf1 Rg8 38. Rfd1 Kb7 39. Ng4 Nxg4 40. fxg4 d5
41. Qf6 Ne3 42. Qxe6 Nxd1 43. Qxg8 dxe4 44. Qb8+ Ka6 45. Qc8+ Rb7 46. Qf8 Nb2
47. Qxh6 Nd3 48. Rf1 e3 49. Qe6 Qd4 50. Kh2 c4 51. Qc6 Nc5 52. Rf5 Qxg4 53. Qg6
e2 54. Be1 Nd3 55. Ra5# 1-0

[Event "Mondiale Semilampo FIDE 2024"]
[Site "New York"]
[Date "28.12.2024"]
[Round "13.18"]
[White "Bortnyk, Olexandr"]
[Black "Pranav, V"]
[Result "1-0"]
[WhiteTitle "GM"]
[BlackTitle "GM"]
[WhiteElo "2603"]
[BlackElo "2621"]
[WhiteFideId "14120828"]
[BlackFideId "25060783"]
[EventDate "26.12.2024"]

1. e4 e5 2. Nf3 Nc6 3. Nc3 Nf6 4. Nd5 Be7 5. Bd3 d6 6. Nxe7 Qxe7 7. O-O Bg4 8.
c3 O-O 9. h3 Bh5 10. Bc2 d5 11. d3 Rad8 12. Qe2 a6 13. a4 Rfe8 14. Re1 d4 15.
Bg5 h6 16. Bd2 Qe6 17. Kh2 Bxf3 18. Qxf3 a5 19. Rg1 Nh7 20. h4 Qf6 21. Qg3 Nf8
22. f4 dxc3 23. bxc3 exf4 24. Qxf4 Qe7 25. Qg3 Qe6 26. d4 Ne5 27. Rgf1 Ng4+ 28.
Kh1 h5 29. Rab1 Rd7 30. Rxb7 Qa2 31. Rc1 Rxe4 32. Bxe4 Qxd2 33. Rf1 Re7 34. Bf3
Ne3 35. Rfb1 Qxc3 36. Rb8 Qxd4 37. Qg5 Qd6 38. Rxf8+ Kxf8 39. Rb8+ Re8 40. Rxe8+
Kxe8 41. Qxe3+ Kf8 42. Qg5 Qd4 43. g3 Qxa4 44. Qxh5 Qa1+ 45. Kh2 Qb2+ 46. Kh3
Qc3 47. Bd5 Qf6 48. Bc4 a4 49. Qa5 Qa1 50. Qa8+ Ke7 51. Qc6 Kf8 52. Qd5 Qf6 53.
Qa8+ Ke7 54. Qxa4 Qf5+ 55. Kg2 Qe4+ 56. Kh2 Qd4 57. Qa3+ Kd7 58. Qd3 Qxd3 59.
Bxd3 Ke6 60. Bc4+ Ke7 61. Kg2 f5 62. Kf3 Kf6 63. Kf4 g6 64. Ba2 c5 65. Bb3 Kg7
66. Kg5 Kh7 67. Bf7 1-0

[Event "Mondiale Semilampo FIDE 2024"]
[Site "New York"]
[Date "28.12.2024"]
[Round "13.19"]
[White "Sadhwani, Raunak"]
[Black "Vachier-Lagrave, Maxime"]
[Result "0-1"]
[WhiteTitle "GM"]
[BlackTitle "GM"]
[WhiteElo "2673"]
[BlackElo "2731"]
[WhiteFideId "35093487"]
[BlackFideId "623539"]
[EventDate "26.12.2024"]

1. d4 Nf6 2. c4 g6 3. Nc3 d5 4. Qa4+ Bd7 5. Qd1 Bc8 6. Qa4+ Bd7 7. Qd1 Bc6 8.
Nf3 Bg7 9. e3 O-O 10. cxd5 Nxd5 11. h4 Nd7 12. h5 e5 13. Nxd5 Bxd5 14. e4 Bxe4
15. Ng5 Bd5 16. hxg6 hxg6 17. Qg4 Re8 18. Qh4 exd4+ 19. Kd1 Nf6 20. f3 d3 21.
Bd2 Qd6 22. Bc3 d2 23. Bc4 Bxc4 24. Qxc4 Re1+ 25. Rxe1 dxe1=Q+ 0-1

[Event "Mondiale Semilampo FIDE 2024"]
[Site "New York"]
[Date "28.12.2024"]
[Round "13.20"]
[White "Shimanov, Aleksandr"]
[Black "So, Wesley"]
[Result "1-0"]
[WhiteTitle "GM"]
[BlackTitle "GM"]
[WhiteElo "2593"]
[BlackElo "2747"]
[WhiteFideId "4198603"]
[BlackFideId "5202213"]
[EventDate "26.12.2024"]

1. e4 e5 2. Nf3 Nc6 3. Nc3 Nf6 4. h3 Bb4 5. Nd5 Ba5 6. c3 d6 7. b4 Bb6 8. Nxb6
axb6 9. d3 O-O 10. Be2 Ne7 11. O-O Ng6 12. a4 h6 13. Re1 d5 14. Qc2 Re8 15. Bf1
Be6 16. Bd2 c5 17. bxc5 bxc5 18. c4 d4 19. a5 Qc7 20. g3 Rf8 21. Rab1 Bd7 22.
Bg2 Qc8 23. h4 Ra6 24. Rb2 Bh3 25. Qd1 Bg4 26. Qb3 Bxf3 27. Bxf3 Nxh4 28. gxh4
Qh3 29. Bg2 Qxh4 30. Qd1 Ng4 31. Qf3 Qh2+ 32. Kf1 Qh5 33. Qh3 Nh2+ 34. Kg1 Qxh3
35. Bxh3 Nf3+ 36. Kf1 Nxe1 37. Kxe1 Rb8 38. Rb5 Rc6 39. f4 exf4 40. Bxf4 Ra8 41.
Bg2 g5 42. Bd2 Rc7 43. e5 Ra7 44. Kf2 Kf8 45. Kg3 Ke7 46. Rb6 Kd7 47. Rxh6 Ra6
48. Rb6 Kc8 49. Rxa6 bxa6 50. Bxg5 Kd7 51. Bd5 Ke8 52. Kf4 Kf8 53. Bd8 Rc8 54.
Bb6 1-0

[Event "Mondiale Semilampo FIDE 2024"]
[Site "New York"]
[Date "28.12.2024"]
[Round "13.21"]
[White "Antipov, Mikhail Al."]
[Black "Ivanchuk, Vasyl"]
[Result "1-0"]
[WhiteTitle "GM"]
[BlackTitle "GM"]
[WhiteElo "2594"]
[BlackElo "2630"]
[WhiteFideId "4107012"]
[BlackFideId "14100010"]
[EventDate "26.12.2024"]

1. e4 e5 2. Nf3 Nf6 3. Nxe5 d6 4. Nf3 Nxe4 5. Qe2 Qe7 6. d3 Nf6 7. Nc3 Qxe2+ 8.
Bxe2 Be7 9. h3 Nc6 10. Be3 Bd7 11. a3 a6 12. O-O-O O-O-O 13. d4 h6 14. Rhe1 Rde8
15. d5 Ne5 16. Nxe5 dxe5 17. b4 Bd6 18. Kb2 Rd8 19. Kb3 Rhe8 20. Na4 Ne4 21. Nc5
Bxc5 22. bxc5 f5 23. f3 Nf6 24. c4 f4 25. Bf2 Bf5 26. h4 c6 27. d6 Kd7 28. g4
fxg3 29. Bxg3 Nh5 30. Bh2 Nf4 31. Kc3 g5 32. hxg5 hxg5 33. Bxf4 gxf4 34. Bd3 Ke6
35. Rh1 Rh8 36. Rb1 b5 37. cxb6 Bxd3 38. Rxh8 Rxh8 39. Kxd3 Kxd6 40. b7 Kc7 41.
b8=Q+ Rxb8 42. Rxb8 Kxb8 43. Ke4 Kc7 44. c5 1-0

[Event "Mondiale Semilampo FIDE 2024"]
[Site "New York"]
[Date "28.12.2024"]
[Round "13.22"]
[White "Cheparinov, Ivan"]
[Black "Durarbayli, Vasif"]
[Result "0-1"]
[WhiteTitle "GM"]
[BlackTitle "GM"]
[WhiteElo "2646"]
[BlackElo "2622"]
[WhiteFideId "2905540"]
[BlackFideId "13402935"]
[EventDate "26.12.2024"]

1. Nf3 d5 2. e3 c5 3. b3 a6 4. Bb2 Nc6 5. d4 Nf6 6. Nbd2 cxd4 7. exd4 Bf5 8. a3
e6 9. Be2 h6 10. O-O Be7 11. Ne5 Rc8 12. Nxc6 Rxc6 13. c4 dxc4 14. bxc4 O-O 15.
Nf3 Qb6 16. Ra2 Rd8 17. h3 Rcc8 18. Re1 Be4 19. Bf1 Qa5 20. Nd2 Bf5 21. a4 Qc7
22. Qb3 Nd7 23. Nf3 Bf6 24. Bc3 Nb8 25. Rb2 Rd7 26. Ne5 Bxe5 27. Rxe5 Nc6 28.
Rc5 Qd6 29. Qb6 Rcd8 30. d5 exd5 31. cxd5 Ne7 32. Qxd6 Rxd6 33. Rxb7 Nxd5 34.
Ba5 R8d7 35. Rb8+ Kh7 36. Ra8 Ne7 37. Be2 Bd3 38. Bxd3+ Rxd3 39. Rxa6 Ra3 40.
Bc7 Rd2 41. Bg3 Ra1+ 42. Kh2 Rdd1 43. Be5 Rh1+ 44. Kg3 Ra3+ 45. Rc3 Ra2 46. Rf3
f6 47. Bxf6 gxf6 48. Rfxf6 Kg7 49. Rf4 Re1 50. Rg4+ Kh7 51. Ra7 Re5 52. f3 Rae2
53. a5 h5 54. Ra4 Rg5+ 55. Kf4 Rg7 56. Ra8 Nd5+ 57. Kf5 Rf7+ 58. Kg5 Rxg2+ 59.
Kh4 Ne7 0-1

[Event "Mondiale Semilampo FIDE 2024"]
[Site "New York"]
[Date "28.12.2024"]
[Round "13.23"]
[White "Bu, Xiangzhi"]
[Black "Naroditsky, Daniel"]
[Result "1/2-1/2"]
[WhiteTitle "GM"]
[BlackTitle "GM"]
[WhiteElo "2684"]
[BlackElo "2619"]
[WhiteFideId "8601445"]
[BlackFideId "2026961"]
[EventDate "26.12.2024"]

1. d4 Nf6 2. Nf3 g6 3. Bf4 Bg7 4. h3 O-O 5. c3 d6 6. e3 Nc6 7. Be2 Nd7 8. d5
Nce5 9. Nbd2 c6 10. e4 cxd5 11. exd5 Nb6 12. Qb3 Ned7 13. Ne4 f5 14. Ng3 h6 15.
h4 Nc5 16. Qd1 Qe8 17. Qd2 Ne4 18. Nxe4 fxe4 19. Nd4 Kh7 20. Ne6 Bxe6 21. dxe6
Qc8 22. h5 g5 23. Be3 Qxe6 24. Bxb6 axb6 25. O-O d5 26. Qe3 Kh8 27. f3 Rf4 28.
g3 d4 29. cxd4 Qh3 30. fxe4 Rd8 31. Rad1 e5 32. Rf3 Rxf3 33. Qxf3 exd4 34. Qg4
Qxg4 35. Bxg4 d3 36. Be6 Rd4 37. Bd5 d2 38. Kf2 Rd3 39. g4 Bxb2 40. Ke2 Rg3 41.
Rxd2 Rxg4 42. Bxb7 Rg2+ 43. Kd3 Rxd2+ 44. Kxd2 Kg7 45. Bc8 Kf6 46. Ke2 Ke5 47.
Kf3 b5 48. Ba6 b4 49. Bc4 Kd4 50. Bb3 Ke5 1/2-1/2

[Event "Mondiale Semilampo FIDE 2024"]
[Site "New York"]
[Date "28.12.2024"]
[Round "13.24"]
[White "Volokitin, Andrei"]
[Black "Anton Guijarro, David"]
[Result "0-1"]
[WhiteTitle "GM"]
[BlackTitle "GM"]
[WhiteElo "2649"]
[BlackElo "2673"]
[WhiteFideId "14107090"]
[BlackFideId "2285525"]
[EventDate "26.12.2024"]

1. e4 c6 2. d4 d5 3. e5 Bf5 4. Nf3 e6 5. Be2 Ne7 6. c3 Nd7 7. O-O h6 8. Nbd2 g5
9. Re1 Bg6 10. Nf1 c5 11. Ng3 Nc6 12. Bd3 Bxd3 13. Qxd3 g4 14. Nd2 Qb6 15. c4
O-O-O 16. cxd5 exd5 17. Nf5 Nb4 18. Qc3 Qg6 19. Ne3 Nxe5 20. dxc5 Nbd3 21. Nb3
Bg7 22. Qa5 Nxe1 23. Qxe1 d4 24. Nf1 Rhe8 25. Qa5 Nc6 26. Qd2 h5 27. Na5 Bh6 28.
Qxh6 Qxh6 29. Bxh6 Nxa5 30. Nd2 Nc6 31. Kf1 Rd5 32. Rc1 Nb4 33. Nc4 Nd3 34. Rd1
Nxc5 35. Bf4 Re6 36. Ne3 Rd7 37. Nf5 Rf6 38. Ne7+ Rxe7 39. Bg5 Rxf2+ 40. Kxf2
Ne4+ 0-1

[Event "Mondiale Semilampo FIDE 2024"]
[Site "New York"]
[Date "28.12.2024"]
[Round "13.25"]
[White "Rakhmanov, Aleksandr"]
[Black "Gelfand, Boris"]
[Result "0-1"]
[WhiteTitle "GM"]
[BlackTitle "GM"]
[WhiteElo "2585"]
[BlackElo "2657"]
[WhiteFideId "4173708"]
[BlackFideId "2805677"]
[EventDate "26.12.2024"]

1. c4 c5 2. Nc3 g6 3. g3 Bg7 4. Bg2 Nc6 5. b3 Nf6 6. Ba3 d6 7. e3 Nb4 8. Bxb4
cxb4 9. Nce2 O-O 10. Nf3 d5 11. O-O Bf5 12. d4 Rc8 13. Ne5 Be4 14. Bh3 Rc7 15.
Nf4 a5 16. a3 bxa3 17. Rxa3 b6 18. Ra1 Qd6 19. Qd2 dxc4 20. Nxc4 Qc6 21. Rfc1
Qb7 22. Ne5 Nd5 23. Rxc7 Qxc7 24. Rc1 Qb7 25. Nfd3 e6 26. Rc4 Rc8 27. Qc1 Rxc4
28. Qxc4 Bf8 29. Qb5 Qc8 30. Bg2 Bxg2 31. Kxg2 Qb7 32. Kg1 Nc3 33. Qe8 Kg7 34.
Nc6 Ne4 35. Nde5 Nf6 36. Qd8 Nd5 37. Qe8 Nf6 38. Qd8 Nd5 39. Nd7 Bd6 40. Nce5 f6
41. Nc4 Be7 42. Qe8 b5 43. Nxa5 Qc7 44. e4 Qxa5 45. exd5 Qe1+ 46. Kg2 exd5 47.
Nc5 Kh6 48. h4 b4 49. Nd7 Qe4+ 50. Kg1 Kh5 51. Qf7 Kg4 52. Kh2 Qf5 53. Kg2 Qf3+
54. Kf1 Qh1+ 55. Ke2 Qe4+ 56. Kf1 Kh3 57. Nxf6 Qb1+ 58. Ke2 Qc2+ 59. Ke1 Bxf6
60. Qxf6 Qxb3 61. h5 Qc3+ 62. Kf1 Qd3+ 63. Ke1 Kg2 64. hxg6 hxg6 65. Qd6 Qxd4
66. Qxg6 Qe4+ 67. Qxe4+ dxe4 68. g4 b3 0-1

[Event "Mondiale Semilampo FIDE 2024"]
[Site "New York"]
[Date "28.12.2024"]
[Round "13.26"]
[White "Shankland, Sam"]
[Black "Bjerre, Jonas Buhl"]
[Result "0-1"]
[WhiteTitle "GM"]
[BlackTitle "GM"]
[WhiteElo "2672"]
[BlackElo "2642"]
[WhiteFideId "2004887"]
[BlackFideId "1444948"]
[EventDate "26.12.2024"]

1. d4 Nf6 2. c4 e6 3. Nc3 Bb4 4. e3 O-O 5. Ne2 Re8 6. d5 a5 7. g3 Na6 8. Bg2 Nc5
9. O-O d6 10. dxe6 Bxe6 11. Nd5 Bxd5 12. cxd5 a4 13. Nd4 Qd7 14. Qc2 Re5 15. Qc4
Na6 16. b3 a3 17. Nc2 b5 18. Qd3 h5 19. Nd4 Nc5 20. Qxb5 Bc3 21. Qxd7 Ncxd7 22.
Rb1 Bxd4 23. exd4 Re2 24. Ra1 Nb6 25. Bf3 Rc2 26. Bg5 Nfxd5 27. Rfc1 Rb2 28.
Bxh5 Ra5 29. Bf3 Nb4 30. Bd8 Rf5 31. Be4 Rfxf2 32. Bxc7 N6d5 33. Bxd6 f5 34. Bh1
Kf7 35. Re1 Rxa2 36. Rxa2 Rxa2 37. Bf3 Kf6 38. Be5+ Kg6 39. Bd6 Rb2 40. Bxd5 a2
41. Bxb4 Rb1 42. Kg2 a1=Q 43. Rxb1 Qxb1 44. Bc5 Qb2+ 45. Kg1 Kg5 46. h3 f4 47.
gxf4+ Kh4 48. f5 Kxh3 49. Kf1 Qb1+ 50. Ke2 Qxf5 51. Bc6 g5 52. d5 Qc2+ 0-1

[Event "Mondiale Semilampo FIDE 2024"]
[Site "New York"]
[Date "28.12.2024"]
[Round "13.27"]
[White "Dardha, Daniel"]
[Black "Bluebaum, Matthias"]
[Result "1/2-1/2"]
[WhiteTitle "GM"]
[BlackTitle "GM"]
[WhiteElo "2639"]
[BlackElo "2650"]
[WhiteFideId "240990"]
[BlackFideId "24651516"]
[EventDate "26.12.2024"]

1. e4 e6 2. b3 d5 3. Bb2 a6 4. Ne2 c5 5. exd5 exd5 6. g3 Nf6 7. Bg2 d4 8. O-O
Be7 9. Na3 O-O 10. Nc4 Nc6 11. Re1 Qc7 12. Nf4 Rd8 13. Bxc6 bxc6 14. Nb6 Qxb6
15. Rxe7 Nd5 16. Nxd5 cxd5 17. Qf3 Be6 18. Re1 Rf8 19. Qf4 Rae8 20. Rxe8 Rxe8
21. Re5 Qc6 22. d3 f6 23. Re2 h5 24. f3 Kf7 25. h4 Bh3 26. Rxe8 Qxe8 27. Kf2 Qe5
28. Ba3 Qxf4 29. gxf4 c4 30. Bc5 cxd3 31. cxd3 Bd7 32. Bxd4 Ke6 33. Ke3 Kf5 34.
a4 Bc6 35. Bc5 d4+ 36. Bxd4 a5 37. Bc3 Bd5 38. b4 axb4 39. Bxb4 Bc6 40. a5 Bb5
41. Bf8 g6 42. Be7 Ba6 43. Bd8 Ke6 44. Kd4 Bb7 45. Ke3 f5 46. Kd4 Bxf3 47. Kc5
Bg2 48. Kb6 Kd7 49. Bf6 Bf3 50. Kb5 Bg2 51. Bc3 Bf3 52. Kc5 Ke6 53. a6 Bg2 54.
Be5 Bf3 55. Kb6 Kd7 56. Bd4 Bg2 57. Ka7 Kc8 58. Bc3 Bf3 59. Kb6 Kd7 60. Kc5 Ke6
61. d4 Be4 62. Ba5 Bf3 63. Bd8 Bg2 64. Bg5 Bf3 65. Bh6 Bg2 66. Bf8 Bf3 67. Bd6
Bg2 68. Be7 Bf3 69. Bg5 Bg2 70. Kb6 Kd7 71. a7 Bf3 72. Kc5 Ke6 1/2-1/2

[Event "Mondiale Semilampo FIDE 2024"]
[Site "New York"]
[Date "28.12.2024"]
[Round "13.28"]
[White "Aravindh, Chithambaram VR."]
[Black "Akobian, Varuzhan"]
[Result "1-0"]
[WhiteTitle "GM"]
[BlackTitle "GM"]
[WhiteElo "2718"]
[BlackElo "2564"]
[WhiteFideId "5072786"]
[BlackFideId "13300580"]
[EventDate "26.12.2024"]

1. d4 e6 2. Nf3 Nf6 3. e3 d5 4. Bd3 c5 5. b3 b6 6. O-O Bb7 7. Bb2 Nbd7 8. Nbd2
Be7 9. c4 O-O 10. cxd5 Nxd5 11. Nc4 cxd4 12. Bxd4 Nc5 13. Bc2 Rc8 14. Rc1 b5 15.
Ncd2 a6 16. Bb1 Nd7 17. Ne4 N5f6 18. Nxf6+ Nxf6 19. Rxc8 Qxc8 20. Ne5 Rd8 21.
Qe2 Qa8 22. f3 Qb8 23. Qc2 Qc8 24. Qe2 Qc7 25. Qd3 g6 26. Qe2 Nd7 27. Nd3 e5 28.
Ba1 Qd6 29. e4 Bg5 30. Rd1 Qe6 31. b4 h5 32. a3 Bf6 33. Ba2 Qb6+ 34. Kh1 Kg7 35.
f4 Qc7 36. Rf1 Re8 37. fxe5 Nxe5 38. Qf2 Qd6 39. Nc5 Bc8 40. h3 g5 41. Bd5 g4
42. Qg3 Qe7 43. Nd3 Nd7 44. Rxf6 Nxf6 45. Qh4 Rg8 46. Qg5+ Kh7 47. Bxf6 Rxg5 48.
Bxe7 Rg8 49. hxg4 hxg4 50. g3 Be6 51. Nf4 Rc8 52. Bc5 Re8 53. Kg2 Kg7 54. Kf2
Bc8 55. Bd4+ Kf8 56. Ke3 Ke7 57. Nh5 Be6 58. Bc5+ Kd8 59. Ng7 Rh8 60. Nxe6+ fxe6
61. Bxe6 Rh1 62. e5 Ra1 63. Bxg4 Rxa3+ 64. Kf4 Rc3 65. e6 1-0

[Event "Mondiale Semilampo FIDE 2024"]
[Site "New York"]
[Date "28.12.2024"]
[Round "13.29"]
[White "Nesterov, Arseniy"]
[Black "Sargsyan, Shant"]
[Result "0-1"]
[WhiteTitle "GM"]
[BlackTitle "GM"]
[WhiteElo "2599"]
[BlackElo "2646"]
[WhiteFideId "24198455"]
[BlackFideId "13306766"]
[EventDate "26.12.2024"]

1. d4 g6 2. e4 Bg7 3. Nc3 d6 4. Be3 a6 5. h4 h6 6. Qd2 b5 7. O-O-O Bb7 8. f3 Nd7
9. Nge2 Rc8 10. g3 b4 11. Nd5 c5 12. Bh3 Bxd5 13. exd5 Qa5 14. dxc5 dxc5 15. Kb1
Ngf6 16. Nc1 c4 17. Bd4 Rd8 18. Qe2 O-O 19. Qxc4 Nb6 20. Qc6 Nfxd5 21. Nb3 Qa4
22. Qxa4 Nxa4 23. Bxg7 Kxg7 24. Kc1 e6 25. Rhe1 Nab6 26. Bf1 a5 27. Nxa5 Ra8 28.
Nc4 Rxa2 29. Nxb6 Nxb6 30. Rd4 Nd5 31. Bc4 Ra1+ 32. Kd2 Rxe1 33. Kxe1 Ne3 34.
Bd3 Rb8 35. Kd2 Nd5 36. f4 h5 37. Be4 Nf6 38. Bf3 Ng8 39. Kd3 Nh6 40. Be4 Kf6
41. Kc4 Nf5 42. Bxf5 Kxf5 43. Kb3 Kg4 44. Rxb4 Rf8 45. f5+ Kxg3 46. fxe6 fxe6
47. Re4 e5 48. c4 Re8 49. Kc3 Kf3 50. Re1 Kf2 51. Re4 Kf3 52. Re1 e4 53. Rf1+
Kg2 54. Rc1 e3 55. b4 e2 56. b5 g5 57. hxg5 h4 58. g6 e1=Q+ 59. Rxe1 Rxe1 0-1

[Event "Mondiale Semilampo FIDE 2024"]
[Site "New York"]
[Date "28.12.2024"]
[Round "13.30"]
[White "Ansat, Aldiyar"]
[Black "Oparin, Grigoriy"]
[Result "0-1"]
[WhiteTitle "IM"]
[BlackTitle "GM"]
[WhiteElo "2479"]
[BlackElo "2653"]
[WhiteFideId "13715658"]
[BlackFideId "24125890"]
[EventDate "26.12.2024"]

1. e4 c5 2. Nf3 Nc6 3. d4 cxd4 4. Nxd4 Nf6 5. Nc3 d6 6. Bg5 e6 7. Qd2 a6 8.
O-O-O Bd7 9. Kb1 Nxd4 10. Qxd4 Be7 11. h4 Qc7 12. f3 h6 13. Be3 h5 14. Bg5 b5
15. Bd3 Rb8 16. Ne2 a5 17. Qg1 b4 18. g4 a4 19. gxh5 Nxh5 20. Bxe7 Kxe7 21. Qg5+
Nf6 22. h5 Qc5 23. Qxc5 dxc5 24. Ng3 Bc6 25. Kc1 Rh6 26. Rdf1 Rbh8 27. Rhg1 Kf8
28. f4 Nxh5 29. Ne2 Nf6 30. e5 Nd5 31. Ng3 g6 32. Rf2 Rh2 33. Rxh2 Rxh2 34. Ne4
Nxf4 35. Nxc5 Rh5 36. Na6 b3 37. axb3 axb3 38. Nb4 bxc2 39. Nxc6 Nxd3+ 40. Kxc2
Nxe5 41. Nd4 Rh2+ 42. Kc3 Rh3+ 43. Kc2 Nc4 44. b4 e5 45. Nc6 e4 46. Nd4 Rd3 47.
Nb3 Ne3+ 48. Kb2 Nd5 49. b5 e3 50. Kc2 Rc3+ 51. Kb2 Rc4 52. Rg5 Re4 53. Rg1 e2
54. Re1 Nf4 55. Nc1 Rb4+ 56. Kc3 Rxb5 57. Kd4 Rb4+ 58. Ke5 Kg7 59. Rg1 Rc4 60.
Nb3 Nd3+ 61. Kd5 Rb4 0-1

[Event "Mondiale Semilampo FIDE 2024"]
[Site "New York"]
[Date "28.12.2024"]
[Round "13.31"]
[White "Zemlyanskii, Ivan"]
[Black "Andriasian, Zaven"]
[Result "1/2-1/2"]
[WhiteTitle "GM"]
[BlackTitle "GM"]
[WhiteElo "2543"]
[BlackElo "2554"]
[WhiteFideId "24249971"]
[BlackFideId "13302000"]
[EventDate "26.12.2024"]

1. d4 d5 2. c4 c6 3. Nf3 Nf6 4. Nc3 dxc4 5. a4 Bf5 6. Ne5 Nbd7 7. Nxc4 Qc7 8. g3
e5 9. dxe5 Nxe5 10. Bf4 Nfd7 11. Bg2 g5 12. Ne3 gxf4 13. Nxf5 O-O-O 14. Qc2 a5
15. O-O-O fxg3 16. hxg3 Bb4 17. Ne4 Kb8 18. Kb1 Nb6 19. Ne3 Rxd1+ 20. Rxd1 Rd8
21. Rh1 Rd4 22. Rxh7 Be7 23. f4 Nxa4 24. fxe5 Qb6 25. b3 Rb4 26. Nc4 Qg1+ 27.
Ka2 Nc5 28. Nxc5 Qxc5 29. Na3 Qxe5 30. Rh1 a4 31. Rb1 Qa5 32. Bf3 Qa6 33. Bh5
axb3+ 34. Rxb3 Ra4 35. Qd3 Qa5 36. Bxf7 Qe5 37. Qc2 Rxa3+ 38. Rxa3 Bxa3 39. Kxa3
Qe7+ 40. Kb2 Qxf7 41. Qd3 b5 42. Qf3 Qg7+ 43. Qc3 Qd7 44. e4 Kb7 45. e5 Qd5 46.
Qe3 Kc8 47. Qe2 Kd8 48. Qh5 Qg2+ 49. Kc3 Qxg3+ 50. Kd4 Qf2+ 51. Ke4 Qc2+ 52. Kf4
Qf2+ 53. Ke4 Qc2+ 54. Kf4 Qd2+ 55. Kf5 Qd7+ 56. Kf6 Qe7+ 57. Kf5 b4 58. Qh1 Qf7+
59. Kg5 Kc7 60. Qe4 Qe7+ 61. Kg6 Qe6+ 62. Kg5 b3 63. Qd4 Qg8+ 64. Kf4 Qf7+ 65.
Kg5 Qd5 66. Qa7+ Kc8 67. Kf6 Qd8+ 68. Ke6 Qg8+ 69. Kf6 Qh8+ 70. Kf5 Qh5+ 71. Kf6
Qh6+ 72. Kf5 Qh3+ 73. Kf6 Qh6+ 74. Kf5 Qf8+ 75. Ke6 Qh6+ 76. Kf5 Qh5+ 77. Kf6
Qh6+ 1/2-1/2

[Event "Mondiale Semilampo FIDE 2024"]
[Site "New York"]
[Date "28.12.2024"]
[Round "13.32"]
[White "Le, Tuan Minh"]
[Black "Meier, Georg"]
[Result "0-1"]
[WhiteTitle "GM"]
[BlackTitle "GM"]
[WhiteElo "2598"]
[BlackElo "2599"]
[WhiteFideId "12401153"]
[BlackFideId "4675789"]
[EventDate "26.12.2024"]

1. d4 e6 2. c4 Nf6 3. Nc3 Bb4 4. Nf3 Bxc3+ 5. bxc3 d6 6. Nd2 e5 7. e4 Nc6 8. Bb2
O-O 9. Bd3 Ne7 10. h4 c5 11. Qe2 Ng6 12. g3 Qb6 13. Nb3 h6 14. Ba3 Qa6 15. Bb2
Qb6 16. Rd1 Re8 17. dxc5 dxc5 18. Ba3 Nd7 19. O-O Ngf8 20. Bc1 Qe6 21. f3 b6 22.
Na1 Qh3 23. Qg2 Nb8 24. Nc2 Nc6 25. Ne3 Qxg2+ 26. Kxg2 Ba6 27. Rf2 Na5 28. Rfd2
Rad8 29. Bf1 Rxd2+ 30. Rxd2 f6 31. h5 Re7 32. Rd8 Rd7 33. Ra8 Nc6 34. Kf2 Bb7
35. Bh3 Bxa8 36. Bxd7 Nxd7 37. Nd5 Bb7 38. g4 Ba6 39. Ne3 Na5 40. Nf5 Kh7 0-1